| 000 | 01544cam a2200313 i 4500 | ||
|---|---|---|---|
| 003 | SA-RiAUC | ||
| 005 | 20251203125937.0 | ||
| 008 | 251128s1971 su f l f000r0 ara c | ||
| 020 | _a4221697 | ||
| 040 |
_aSA-RiKSU _bara _cSA-RiAUC _dSA-RiKSU _erda |
||
| 043 | _aa-su--- | ||
| 082 | 0 | 4 |
_a343.531076331 _qSA-RiAUC |
| 090 |
_a343.531076331 _bس ع و |
||
| 110 | 1 |
_aالسعودية _eمؤلف. |
|
| 245 | 1 | 0 | _aنظام المؤسسة العامة لصوامع الغلال ومطاحن الدقيق. |
| 264 | 1 |
_aمكة المكرمة : _bمطبعة الحكومة، _c[1971] |
|
| 300 |
_a10 صفحة ؛ _c23 × 17 سم |
||
| 336 |
_aنص _btxt _2rdacontent _3كتاب |
||
| 337 |
_aبدون وسيط _bn _2rdamedia |
||
| 338 |
_aمجلد _bnc _2rdacarrier |
||
| 500 | _aس ع / ص غ / 3 / م9 ص9. | ||
| 500 | _aصدر بالمرسوم الملكي رقم م / 14 وتاريخ 25 / 3 / 1392 هـ وبقرار مجلس الوزراء رقم 274 في 20 / 3 / 1392 هـ ونشر بجريدة أم القرى بعدد 2422 في 26 / 4 / 1392 هـ. | ||
| 610 | 2 | 7 |
_aالمؤسسة العامة لصوامع الغلال ومطاحن الدقيق (السعودية) _vقوانين داخلية _2aucnm |
| 650 | 7 |
_aصناعة الحبوب والغلال _xقوانين وتشريعات _xمطبوعات حكومية _zالسعودية _2aucsh |
|
| 650 | 7 |
_aالمطبوعات الحكومية _2aucsh |
|
| 651 | 7 |
_aالسعودية _xمطبوعات حكومية _2aucsh |
|
| 942 |
_2ddc _cBOOK _n0 |
||
| 949 |
_aSA-JeALM _d251128 _umohamedma123 _n1 |
||
| 999 |
_c13446 _d13446 |
||